| 000 | 00406 a2200145 4500 | ||
|---|---|---|---|
| 005 | 20250318092238.0 | ||
| 020 | _a0-02-635221-4 | ||
| 082 | _a425 STR | ||
| 100 | _aSTRONG, W. | ||
| 245 | _aWriter's Choice: Composition and Grammar | ||
| 260 |
_aNew York, _bMcGraw-Hill, _c1993. |
||
| 300 |
_axxiv, 808p.: ill.; graph, map, picture, table. _bIndex. _c26cm. |
||
| 700 | _aLESTER, M. & LIGATURE | ||
| 942 |
_2ddc _cBKS |
||
| 999 |
_c876 _d876 |
||